000 00510nam a2200193Ia 4500
005 20260429111917.0
008 260429s9999||||xx |||||||||||||| ||und||
020 _a9788199285521
041 _aEnglish
082 _a658
_bREV
100 _aRevathy, B.
245 0 _aOrganizational behaviour /
_cB. Revathy
260 _aChennai :
_bNational Academic Press,
_c2026.
300 _aviii, 408 p.; pbk
650 _a Organizational behaviour
650 _aManagement
700 _a Soumya, S.
942 _cTB
999 _c51383
_d51383